|
|
|
|
| LEADER |
00000cam a2200000 7i4500 |
| 001 |
0000002727 |
| 002 |
000002957 |
| 005 |
20000330.0 |
| 020 |
|
|
|a 9838800651
|
| 090 |
0 |
0 |
|a J 912
|b MEN
|
| 245 |
0 |
0 |
|a Mali-Panama :
|b buku 5
|c susunan oleh Mohammad bin Harun
|
| 260 |
|
|
|a Petaling Jaya :
|b Eddiplex ,
|c 1993
|
| 300 |
|
|
|a 47 p. ;
|c 21 cm.
|
| 490 |
0 |
|
|a Siri mengenal negara-negara di dunia
|
| 650 |
0 |
0 |
|a Mali-Panama
|x Historical
|
| 999 |
|
|
|a 036021
|b BUKU
|c PINJAMAN
|e PERPUSTAKAAN KOMUNITI PETALING JAYA
|
| 999 |
|
|
|a 036022
|b BUKU
|c PINJAMAN
|e PERPUSTAKAAN KOMUNITI PETALING JAYA
|
| 999 |
|
|
|a 052690
|b BUKU
|c PINJAMAN
|e PERPUSTAKAAN KOMUNITI PETALING JAYA
|